| 000 | 00912cam a2200289 4500 | ||
|---|---|---|---|
| 999 |
_c7127 _d7127 |
||
| 001 | 7127 | ||
| 003 | BD-JhCC | ||
| 005 | 20180205123601.0 | ||
| 008 | 700629s1969 couc 100 0 eng | ||
| 035 | _a(BD-JhCC) | ||
| 040 |
_aDLC _cDLC _dDLC |
||
| 041 | _aeng | ||
| 050 | 0 | 0 |
_aHD9000.1 _b.A485 1969 |
| 082 | 0 | 0 |
_a338.1 _bHAR 1969 |
| 100 | _aM. Hardin | ||
| 111 | 2 |
_aAir Force Academy Assembly, _b11th, _cU.S. Air Force Academy, _d1969. |
|
| 245 | 1 | 0 |
_aOvercoming world hunger / _bproceedings. _cM. Hardin |
| 260 |
_a[Colorado Springs, _c1969] |
||
| 300 |
_a83 p. : _bports. _c21 cm. |
||
| 500 | _a"Co-sponsored by the American Assembly, Columbia University, New York, and the United States Air Force Academy." | ||
| 650 | 0 |
_aFood supply _xCongresses. |
|
| 650 | 0 |
_aPopulation _xCongresses. |
|
| 710 | 2 | _aAmerican Assembly. | |
| 710 | 2 | _aUnited States Air Force Academy. | |
| 942 |
_2ddc _cBK |
||